Product placement v podmienkach Slovenskej republiky a jeho pôsobenie na spotrebiteľa bakalárska práca

Salvato in:
Dettagli Bibliografici
Autore principale: Kováčová, Jana
Ente Autore: Obchodná fakulta EU. Katedra obchodného práva
Altri autori: Luprichová, Petronela
Natura: Libro
Lingua:slovacco
Pubblicazione: Bratislava 2010
Tags: Aggiungi Tag
Nessun Tag, puoi essere il primo ad aggiungerne!!

MARC

LEADER 00000nam$a2200000$$$4500
001 0134905
005 20240320074439.8
041 0 |a slo 
044 |a SK 
245 1 0 |a Product placement v podmienkach Slovenskej republiky a jeho pôsobenie na spotrebiteľa  |b bakalárska práca  |c Jana Kováčová ; školiteľ: Petronela Luprichová 
264 1 |a Bratislava  |c 2010 
300 |a 50 s. 
100 1 |a Kováčová, Jana 
700 1 |a Luprichová, Petronela 
710 2 |a Obchodná fakulta EU. Katedra obchodného práva